Inovatívny prístup analýzy a spracovania dát v ERP systéme

Guardado en:
Detalles Bibliográficos
Autor principal: Klimko, Adam (Autor)
Otros Autores: Duchoň, František (Orientador)
Formato: Manuscrito Libro
Lenguaje:eslovaco
Publicado: Bratislava : STU v Bratislave FEI, 2023
Materias:
Acceso en línea:https://opac.crzp.sk/?fn=detailBiblioFormChildIKFLA&sid=C0DEB8E07572332BA92A0B15805F&seo=CRZP-detail-kniha
Etiquetas: Agregar Etiqueta
Sin Etiquetas, Sea el primero en etiquetar este registro!

MARC

LEADER 00000ntm a22000003a 4500
001 stuzp91965
003 SK-STU
005 20241212140042.5
007 ta
008 150427s2015----xo-----f-mn---000-0-slo-d
040 |a STU  |b slo 
041 0 |a slo 
044 |a xo 
100 1 |a Klimko, Adam  |u 031000  |4 aut  |U FEI Fakulta elektrotechniky a informatiky  |T FEI Ústav robotiky a kybernetiky  |X 97825  |U E011  |Y 356  |7 97825 
242 0 1 |a An innovative Approach To Data Analysis And Processing In an ERP System  |y eng 
245 1 0 |a Inovatívny prístup analýzy a spracovania dát v ERP systéme 
260 |a Bratislava :  |b STU v Bratislave FEI,  |c 2023 
300 |a 84 s. 
650 4 |a Diskrétna výroba  |2 slo 
650 4 |a Nákupné procesy  |2 slo 
650 4 |a Analýza a spracovanie dát  |2 slo 
650 4 |a Plánovanie podnikových zdrojov  |2 slo 
650 4 |a Data analysis and processing  |2 eng 
650 4 |a Enterprise resource planning  |2 eng 
650 4 |a Discrete manufacturing  |2 eng 
650 4 |a Procurement processes  |2 eng 
700 1 |a Duchoň, František  |u 031000  |k Z1  |4 ths  |U FEI Fakulta elektrotechniky a informatiky  |T FEI Ústav robotiky a kybernetiky  |X 10329  |U E011  |Y 356  |7 A000010329 
856 4 |u https://opac.crzp.sk/?fn=detailBiblioFormChildIKFLA&sid=C0DEB8E07572332BA92A0B15805F&seo=CRZP-detail-kniha